[Event "SRB-ch sf"]
[Site "Paracin"]
[Date "2024.02.09"]
[Round "7"]
[White "Milosevic, Milos"]
[Black "Eric, Jovana"]
[Result "1/2-1/2"]
[WhiteElo "2390"]
[BlackElo "2124"]
[PlyCount "99"]
[EventDate "2024.02.05"]
[EventType "swiss"]
[EventRounds "9"]
[EventCountry "SRB"]
[SourceTitle "CB07_2024"]
[SourceDate "2024.02.14"]
[SourceVersion "1"]
[SourceVersionDate "2024.02.14"]
[SourceQuality "1"]

1. e4 c5 2. Nf3 d6 3. Bb5+ Nd7 4. 0-0 a6 5. Bd3 Ngf6 6. Re1 e6 7. c3 Be7 8. Bc2 b5 9. d4 Bb7 10. Bg5 h6 11. Bh4 e5 12. Nbd2 0-0 13. Nf1 Re8 14. d5 Nf8 15. Bxf6 Bxf6 16. a4 c4 17. Ne3 g6 18. Ra3 Nd7 19. b3 cxb3 20. Rxb3 Nc5 21. Rb4 bxa4 22. Bxa4 Rf8 23. Bc6 Ra7 24. Qb1 Qc7 25. Rb6 a5 26. Nc4 Ba6 27. Bb5 Rb8 28. Rxb8+ Qxb8 29. Na3 Bxb5 30. Nxb5 Rb7 31. c4 Bd8 32. Re2 Bb6 33. h4 Kg7 34. h5 Qd8 35. g3 Qf6 36. Kg2 a4 37. Ra2 Nb3 38. Qd1 Nc5 39. Qc2 Ba5 40. Qe2 Bb4 41. Nh4 a3 42. Qc2 Rb8 43. Qb1 Na6 44. Qd1 Bc5 45. Nf3 Ra8 46. Qb3 g5 47. Re2 Nb4 48. Nxa3 Nxd5 49. Nc2 Ne7 50. Nh2 1/2-1/2

[Event "SRB-ch sf"]
[Site "Paracin"]
[Date "2024.02.06"]
[Round "3"]
[White "Cuzovic, Ognjen"]
[Black "Milosevic, Milos"]
[Result "1/2-1/2"]
[WhiteElo "2012"]
[BlackElo "2390"]
[PlyCount "56"]
[EventDate "2024.02.05"]
[EventType "swiss"]
[EventRounds "9"]
[EventCountry "SRB"]
[SourceTitle "CB07_2024"]
[SourceDate "2024.02.14"]
[SourceVersion "1"]
[SourceVersionDate "2024.02.14"]
[SourceQuality "1"]

1. d4 Nf6 2. c4 c5 3. d5 b5 4. cxb5 a6 5. bxa6 g6 6. Nc3 Bg7 7. Nf3 0-0 8. e4 Qa5 9. Bd3 Nxd5 10. exd5 Bxc3+ 11. Bd2 Bxd2+ 12. Qxd2 Qxd2+ 13. Kxd2 Bxa6 14. Bxa6 Nxa6 15. Rhe1 Rfe8 16. a3 Nc7 17. d6 exd6 18. Rxe8+ Rxe8 19. Re1 Rb8 20. Kc2 Kf8 21. Ng5 Ne6 22. Ne4 Ke7 23. Nc3 Kd8 24. Nd5 Kc8 25. Kc3 Rb5 26. Rd1 Ra5 27. Nf6 Ra4 28. g3 Nc7 1/2-1/2

[Event "Arandjelovac ASK-14 GM"]
[Site "Arandjelovac"]
[Date "2023.12.12"]
[Round "2"]
[White "Orujov, Farid"]
[Black "Milosevic, Milos"]
[Result "1/2-1/2"]
[WhiteElo "2226"]
[BlackElo "2380"]
[PlyCount "82"]
[EventDate "2023.12.11"]
[EventType "tourn"]
[EventRounds "9"]
[EventCountry "SRB"]
[EventCategory "6"]
[SourceTitle "CB51_2023"]
[SourceDate "2023.12.20"]
[SourceVersion "1"]
[SourceVersionDate "2023.12.20"]
[SourceQuality "1"]

1. e4 c5 2. Nf3 d6 3. d4 cxd4 4. Nxd4 Nf6 5. Nc3 a6 6. h3 e5 7. Nb3 h5 8. Bg5 Be6 9. Qd2 Nbd7 10. 0-0-0 Qc7 11. f4 Be7 12. f5 Bc4 13. Bxc4 Qxc4 14. Qd3 Rc8 15. Qxc4 Rxc4 16. Nd2 Rc6 17. Rhe1 b5 18. a3 Bd8 19. Nb3 0-0 20. Bxf6 Nxf6 21. Nd5 Nxd5 22. Rxd5 Bg5+ 23. Kb1 Rfc8 24. c3 Kf8 25. Na5 Rb6 26. Red1 Ke7 27. R5d3 h4 28. b4 Bf4 29. Kb2 Bg3 30. Kb3 Bf2 31. a4 Rd8 32. axb5 axb5 33. c4 bxc4+ 34. Nxc4 Rbb8 35. Na5 Rb6 36. Nc4 Rbb8 37. Rxd6 Rxd6 38. Rxd6 Bc5 39. Rd5 Bxb4 40. Rxe5+ Kf6 41. Rd5 Kg5 1/2-1/2

[Event "Belgrade Trophy 36th"]
[Site "Belgrade"]
[Date "2023.12.01"]
[Round "7"]
[White "Milosevic, Milos"]
[Black "Scekic, Veljko"]
[Result "1/2-1/2"]
[WhiteElo "2362"]
[BlackElo "2211"]
[PlyCount "103"]
[EventDate "2023.11.25"]
[EventType "swiss"]
[EventRounds "9"]
[EventCountry "SRB"]
[SourceTitle "CB49_2023"]
[SourceDate "2023.12.06"]
[SourceVersion "1"]
[SourceVersionDate "2023.12.06"]
[SourceQuality "1"]

1. e4 c5 2. c3 e6 3. d4 d5 4. e5 Bd7 5. Nf3 Qb6 6. Bd3 Bb5 7. 0-0 Bxd3 8. Qxd3 c4 9. Qe2 Nc6 10. Nbd2 Qc7 11. b3 Na5 12. Re1 Ne7 13. Nf1 Ng6 14. h4 h5 15. g3 Be7 16. Ne3 Rc8 17. Bd2 Nf8 18. Ng2 Qd7 19. Rab1 b6 20. Nf4 g6 21. Nh3 Nh7 22. Kg2 Kd8 23. Nhg5 Nxg5 24. Nxg5 Bxg5 25. Bxg5+ Kc7 26. Qf3 Kb7 27. b4 Nc6 28. Re3 Rh7 29. Bf6 Ne7 30. Qd1 Nf5 31. Re1 a6 32. a4 Rg8 33. b5 a5 34. Qd2 Qe8 35. Rh1 Qf8 36. f3 Kc8 37. Kf2 Kd7 38. Ra1 Ng7 39. Ke2 Nf5 40. Rhg1 Ng7 41. Kd1 Ne8 42. Bg5 Ng7 43. Kc2 Ne8 44. Kb2 Kc8 45. Rg2 Kd7 46. Rag1 Kc8 47. Qf4 Kd7 48. Ka2 Kc8 49. Qc1 Kd7 50. Qc2 Kc8 51. Bc1 Qe7 52. Bg5 1/2-1/2

[Event "SRB-chT Premier"]
[Site "Bajina Basta"]
[Date "2023.09.20"]
[Round "3.4"]
[White "Milosevic, Milos"]
[Black "Strikovic, Aleksa"]
[Result "0-1"]
[WhiteElo "2382"]
[BlackElo "2450"]
[PlyCount "52"]
[EventDate "2023.09.18"]
[EventType "team-tourn"]
[EventRounds "11"]
[EventCountry "SRB"]
[SourceTitle "EXT 2024"]
[Source "ChessBase"]
[SourceDate "2023.10.10"]
[SourceVersion "1"]
[SourceVersionDate "2023.10.10"]
[SourceQuality "1"]
[WhiteTeam "Kac Jugovic"]
[BlackTeam "Pozega"]
[WhiteTeamCountry "SRB"]
[BlackTeamCountry "SRB"]

1. e4 d6 2. d4 Nf6 3. Nc3 e5 4. Nf3 Nbd7 5. g4 d5 6. dxe5 Nxe4 7. Nxd5 Nb6 8. Ne3 Qxd1+ 9. Nxd1 Bxg4 10. Be2 0-0-0 11. Rg1 Bh5 12. Ne3 Bb4+ 13. Kf1 g6 14. c3 Bc5 15. Ng5 Bxe2+ 16. Kxe2 Nxg5 17. Rxg5 Rhe8 18. f4 Bxe3 19. Bxe3 Nc4 20. Bc1 f6 21. Rg4 Nd6 22. h4 fxe5 23. Kf3 e4+ 24. Ke2 Nf5 25. Bd2 Rd3 26. h5 Ng3+ 0-1

[Event "SRB-chT Premier"]
[Site "Bajina Basta"]
[Date "2023.09.19"]
[Round "2.3"]
[White "Milosevic, Milos"]
[Black "Lazic, Miroljub"]
[Result "1/2-1/2"]
[WhiteElo "2382"]
[BlackElo "2298"]
[PlyCount "74"]
[EventDate "2023.09.18"]
[EventType "team-tourn"]
[EventRounds "11"]
[EventCountry "SRB"]
[SourceTitle "EXT 2024"]
[Source "ChessBase"]
[SourceDate "2023.10.10"]
[SourceVersion "1"]
[SourceVersionDate "2023.10.10"]
[SourceQuality "1"]
[WhiteTeam "Kac Jugovic"]
[BlackTeam "Ruma Sloven"]
[WhiteTeamCountry "SRB"]
[BlackTeamCountry "SRB"]

1. e4 e5 2. Nf3 Nc6 3. d4 exd4 4. Nxd4 Bb4+ 5. c3 Bc5 6. Be3 Bb6 7. Nf5 Bxe3 8. Nxe3 Nf6 9. f3 0-0 10. c4 d6 11. Nc3 Nd7 12. Bd3 Nc5 13. 0-0 a5 14. Qd2 Ne7 15. Bc2 f5 16. exf5 Nxf5 17. Rae1 Nxe3 18. Rxe3 Be6 19. Qd4 Qf6 20. Rd1 Qxd4 21. Rxd4 Rfe8 22. Nb5 Bd7 23. Rxe8+ Rxe8 24. Kf2 Bxb5 25. cxb5 Re7 26. b6 c6 27. Rxd6 Rd7 28. Rxd7 Nxd7 29. Ke3 Kf7 30. Kd4 g6 31. h4 Ke6 32. h5 gxh5 33. Bxh7 h4 34. Ke3 Nxb6 35. Kf4 Nd5+ 36. Kg5 Ne3 37. Kxh4 Ke5 1/2-1/2

[Event "Ustron op-A"]
[Site "Ustron"]
[Date "2023.08.18"]
[Round "8"]
[White "Janeczko, Jakub"]
[Black "Milosevic, Milos"]
[Result "1-0"]
[WhiteElo "2255"]
[BlackElo "2417"]
[PlyCount "55"]
[EventDate "2023.08.11"]
[EventType "swiss"]
[EventRounds "9"]
[EventCountry "POL"]
[SourceTitle "CBM 215 Extra"]
[Source "ChessBase"]
[SourceDate "2023.09.30"]
[SourceVersion "1"]
[SourceVersionDate "2023.09.30"]
[SourceQuality "1"]

1. e4 c5 2. Nf3 e6 3. d4 cxd4 4. Nxd4 Nf6 5. Nc3 Nc6 6. Nxc6 bxc6 7. e5 Nd5 8. Ne4 Qc7 9. f4 Qb6 10. a3 Ne3 11. Qd3 Nxf1 12. Rxf1 Ba6 13. c4 c5 14. Rf2 f5 15. Rd2 d5 16. exd6 fxe4 17. Qxe4 Rb8 18. Qxe6+ Kd8 19. f5 h6 20. Re2 Qc6 21. Bf4 Rb3 22. Rd1 Qd7 23. Qd5 Bb7 24. Qxc5 Qc6 25. Qxa7 Kd7 26. c5 Qa6 27. c6+ Qxc6 28. Rc1 1-0

[Event "Titled Tuesday intern op 15th Aug Early"]
[Site "Chess.com INT"]
[Date "2023.08.15"]
[Round "4"]
[White "Milosevic, Milos"]
[Black "Moskalenko, Alexander"]
[Result "1/2-1/2"]
[WhiteElo "2417"]
[BlackElo "2443"]
[PlyCount "135"]
[EventDate "2023.08.15"]
[EventType "swiss (blitz)"]
[EventRounds "11"]
[EventCountry "USA"]
[SourceTitle "EXT 2024"]
[Source "ChessBase"]
[SourceDate "2023.10.10"]
[SourceVersion "1"]
[SourceVersionDate "2023.10.10"]
[SourceQuality "1"]

1. e4 e5 2. Nf3 Nc6 3. Bc4 Nf6 4. d4 exd4 5. e5 d5 6. Bb5 Nd7 7. Nxd4 Nxd4 8. Qxd4 c6 9. Be2 Bc5 10. Qg4 g6 11. Qg3 h5 12. e6 Nf6 13. exf7+ Kxf7 14. 0-0 h4 15. Qc3 Ne4 16. Qf3+ Kg7 17. Nc3 Rf8 18. Bf4 Qf6 19. Nxe4 dxe4 20. Qb3 Qxf4 21. Qc3+ Rf6 22. Qxc5 Bg4 23. Bxg4 Qxg4 24. Qe7+ Rf7 25. Qe5+ Kh6 26. Rae1 h3 27. Qxe4 Qxe4 28. Rxe4 hxg2 29. Kxg2 Rd8 30. f3 Rd2+ 31. Rf2 Rd1 32. Rfe2 a5 33. a4 Rf5 34. h4 b5 35. b3 Rfd5 36. Re8 bxa4 37. bxa4 R5d4 38. R8e4 R1d2 39. Kg3 Rxe4 40. Rxd2 Rxa4 41. Rd6 Rc4 42. Rd8 Rxc2 43. Ra8 Rc5 44. Kg4 Rc4+ 45. f4 a4 46. Ra6 Kg7 47. Kg5 Kf7 48. Ra7+ Ke6 49. Kxg6 Rxf4 50. h5 Rg4+ 51. Kh7 Kd5 52. h6 Kc5 53. Kh8 Kb4 54. h7 c5 55. Rg7 Rh4 56. Kg8 a3 57. Rb7+ Kc3 58. Ra7 Kb2 59. Rc7 c4 60. Rxc4 Rxc4 61. h8Q+ Rc3 62. Qd4 a2 63. Qb4+ Rb3 64. Qd2+ Ka3 65. Qa5+ Kb2 66. Qd2+ Kb1 67. Qd1+ Kb2 68. Qd2+ 1/2-1/2

[Event "Pozarevac Rudar 15th"]
[Site "Pozarevac"]
[Date "2023.08.08"]
[Round "7"]
[White "Tenuunbold, Battulga"]
[Black "Milosevic, Milos"]
[Result "0-1"]
[WhiteElo "2203"]
[BlackElo "2417"]
[PlyCount "56"]
[EventDate "2023.08.03"]
[EventType "tourn"]
[EventRounds "9"]
[EventCountry "SRB"]
[EventCategory "1"]
[SourceTitle "CBM 215 Extra"]
[Source "ChessBase"]
[SourceDate "2023.09.30"]
[SourceVersion "1"]
[SourceVersionDate "2023.09.30"]
[SourceQuality "1"]

1. d4 e6 2. c4 Nf6 3. Nc3 d5 4. cxd5 exd5 5. Bg5 c6 6. Qc2 Be7 7. e3 Nbd7 8. Bd3 Nf8 9. Nf3 Ne6 10. Bh4 g6 11. 0-0 0-0 12. Rab1 Ng7 13. b4 a6 14. a4 Bf5 15. b5 axb5 16. axb5 Bxd3 17. Qxd3 Nf5 18. Bxf6 Bxf6 19. bxc6 bxc6 20. Rfc1 Ra3 21. Qc2 Qa5 22. Nd2 Ra8 23. Nb3 Qd8 24. Nd1 Rc8 25. Ra1 Be7 26. Nc5 Qa5 27. Qe2 Rxa1 28. Nb3 Qa2 0-1